Computational models of mixed-initiative interaction

Αποθηκεύτηκε σε:
Λεπτομέρειες βιβλιογραφικής εγγραφής
Άλλοι συγγραφείς: Haller, Susan (Επιμελητής έκδοσης), Kobsa, Alfred (Επιμελητής έκδοσης), McRoy, Susan (Επιμελητής έκδοσης)
Μορφή: Βιβλίο
Γλώσσα:English
Δημοσίευση: Dordrecht : Kluwer Academic Pub, c1999
Θέματα:
Ετικέτες: Προσθήκη ετικέτας
Δεν υπάρχουν, Καταχωρήστε ετικέτα πρώτοι!

MARC

LEADER 00000nam a2200000 i 4500
001 1/18074
008 010307s1999 eng d
020 |a 0-7923-5572-5 
035 |l 10066364 
040 |a GR-MY-UA  |b gre  |e aacr 
041 0 |a eng 
082 0 |a 006.3 
245 1 0 |a Computational models of mixed-initiative interaction /  |c edited by Susan Haller, Alfred Kobsa and Susan McRoy 
260 |a Dordrecht :   |b Kluwer Academic Pub,   |c c1999 
300 |a 397 p.;  |b ill.;  |c 25 cm. 
500 |a Reprinted from User Modeling and User-Adapted Interaction volume 8, Nos. 3-4, 1998; Volume 9, Nos. 1-2,1999 
504 |a Includes bibliographical references and index 
650 0 0 |a Human-computer interaction. 
650 0 0 |a Artificial intelligence. 
700 1 |a Haller, Susan.  |4 edt 
700 1 |a Kobsa, Alfred.  |4 edt 
700 1 |a McRoy, Susan.  |4 edt 
852 |a INST  |b SYROS  |e 20011003  |h 006.3 COM  |p 005500001061  |q 005500001061  |t BK  |y 0 
852 |a INST  |b SYROS  |e 20011003  |h 006.3 COM  |p 005500001062  |q 005500001062  |t BK  |y 0 
852 |a INST  |b SYROS  |e 20010307  |h 006.3 COM  |p 005500001328  |q 005500001328  |t BK  |y 0 
901 |a BIBL5-2001-1 
909 |a Ε  |b 086774 
909 |a Ε  |b 088298 
909 |a Ε  |b 088297 
922 |a 5ΕΛΗ  |b 200102  |c ΓΡΑΦΙΚΩΝ ΤΕΧΝΩΝ  |d ΜΙΧΑΛΟΠΟΥΛΟΣ 
922 |a 5ΕΛΗ  |b 200108  |c ΕΠΕΑΕΚ2/183  |d ΠΑΠΑΣΩΤΗΡΙΟΥ 
950 |a 183-2000-12-07 
970 |a ΚΟΝΤΟΥ  |b ΠΑΡΑΣΚΕΥΗ  |z 2001/03/07